000 00327nam a2200133Ia 4500
005 20260328101525.0
008 260328s9999||||xx |||||||||||||| ||und||
100 _aGravett, Christopher
245 0 _aCastle :
_b Eyewitness Books /
_cChristopher Gravett
260 _bDK
300 _a72 p.
650 _aEDAD MEDIA
942 _cBK
999 _c9738
_d9738